Mechanical vibrations / (رقم التسجيلة. 22422)

تفاصيل مارك
000 -الفاتح
حقل البيانات ثابتة الطول 01576cam a2200325 a 4500
001 - رقم الضبط
رقم الضبط 649827244
003 - محدد رقم الضبط
رقم الضبط OCoLC
005 - وقت وتاريخ اخر تعامل مع التسجيلة
رقم الضبط 20210306174422.0
008 - عناصر البيانات ثابتة الطول - معلومات عامة
حقل البيانات ثابتة الطول 100721s2011 njua b 001 0 eng
010 ## - رقم ضبط مكتبة الكونجرس
رقم ضبط مكتبة الكونجرس 2010028534
015 ## - رقم الببليوجرافية الوطنية
رقم الببليوجرافية الوطنية GBB0B4704
المصدر bnb
016 7# - رقم ضبط الوكاله الوطنية للضبط الببليوجرافي
رقم ضبط التسجيلة 015655149
المصدر Uk
020 ## - الرقم الدولى المعيارى للكتب
الرقم الدولى المعيارى للكتاب 9789810687120
020 ## - الرقم الدولى المعيارى للكتب
الرقم الدولى المعيارى للكتاب 0132128195 (9780132128193 : alk. paper)
020 ## - الرقم الدولى المعيارى للكتب
الرقم الدولى المعيارى للكتاب 9781292178608
035 ## - رقم ضبط النظام
رقم ضبط النظام .b69949116
040 ## - مصدر الفهرسة
وكالة الفهرسة الأصلية DLC
وكالة النسخ DLC
وكالة التعديل YDX
-- UKM
-- CDX
-- YDXCP
-- NRC
-- WS2
-- BWX
-- IG#
-- UKMGB
-- UtOrBLW
049 ## - المجموعات المحلية (OCLC)
مكتبة المقتنيات OSUU
050 00 - رقم طلب مكتبة الكونجرس
رقم التصنيف TA355
رقم المادة .R37 2011
082 00 - رقم تصنيف ديوى العشرى
رقم التصنيف 620.3
رقم الطبعة 22
رقم المادة RSM
100 1# - المدخل الرئيسى - إسم شخصى
الإسم الشخصى Rao, S. S.
9 (RLIN) 11727
245 10 - بيان العنوان
العنوان Mechanical vibrations /
بيان المسئوليه,etc Singiresu S. Rao.
250 ## - بيان الطبعة
بيان الطبعة 5th ed.
260 ## - PUBLICATION, DISTRIBUTION, ETC. (IMPRINT)
مكان الناشر او الموزع Upper Saddle River, N.J. :
اسم الناشر او الموزع Prentice Hall,
تاريخ النشر أو التوزيع c2011.
300 ## - الوصف المادى
التعداد xx, 1084 p. :
تفاصيل ماديه اخرى للوعاء ill. ;
أبعاد الوعاء 24 cm.
504 ## - تبصرة ببليوجرافية
تبصرة ببليوجرافية,الخ Includes bibliographical references and index.
505 0# - تبصرة محتويات-الفهرس
تبصرة المحتويات المصاغة Fundamentals of vibration -- Free vibration of single degree of freedom systems -- Harmonically excited vibration -- Vibration under general forcing conditions -- Two degree of freedom systems -- Multidegree of freedom systems -- Determination of natural frequencies and mode shapes -- Continuous sytems -- Vibration control -- Vibration measurement and applications -- Numerical integration methods in vibration analysis -- Finite element method -- Nonlinear vibration -- Random vibration -- Appendices: Mathematical relationships; Deflectins of beams and plates; Matrices; Laplace transform pairs; Units; Introduction to MATLAB.
650 #0 - المدخل الاضافى بالموضوع-مصطلح موضوعى
مصطلح موضوعي أو اسم جغرافي كعنصر مدخل Vibration.
9 (RLIN) 4489
942 ## - عناصر المدخل الإضافي( كوها)
مصدر التصنيف او مخطط الترفيف Dewey Decimal Classification
Koha [default] item type كتاب
المقتنيات
حالة الفقد نموذج السعر الفعال حالة تلف ليس للاعارة رقم الطلب تاريخ الاكتساب الموقع الحالي الباركود الفرع الرئيسي Date last seen نوع المادة فى نظام كوها مصدر التصنيف او خطة الترفيف Total Checkouts Date last checked out
  2013-03-10     620.3 R S M 2012-04-20 المكتبة المركزية بالمجمعة (CL) 00084357 المكتبة المركزية بالمجمعة (CL) 2013-03-10 كتاب Dewey Decimal Classification    
  2013-03-10     620.3 R S M 2012-04-20 المكتبة المركزية بالمجمعة (CL) 00084358 المكتبة المركزية بالمجمعة (CL) 2013-03-10 كتاب Dewey Decimal Classification    
  2019-08-20     620.3 RSM 2019-08-20 المكتبة المركزية بالمجمعة (CL) 00157228 المكتبة المركزية بالمجمعة (CL) 2023-06-13 كتاب Dewey Decimal Classification 1 2023-03-08
  2021-03-06     620.3 RSM 2021-03-06 قسم الاجراءات الفنية (IC) 00168038 قسم الاجراءات الفنية (IC) 2021-03-06 كتاب Dewey Decimal Classification    
  2021-03-06     620.3 RSM 2021-03-06 قسم الاجراءات الفنية (IC) 00168039 قسم الاجراءات الفنية (IC) 2021-03-06 كتاب Dewey Decimal Classification    
  2021-03-06     620.3 RSM 2021-03-06 مكتبة كلية العلوم الطبية التطبيقية بالمجمعة - طالبات (AMF) 00168036 مكتبة كلية العلوم الطبية التطبيقية بالمجمعة - طالبات (AMF) 2021-03-06 كتاب Dewey Decimal Classification    
  2021-03-06     620.3 RSM 2021-03-06 مكتبة كلية العلوم الطبية التطبيقية بالمجمعة - طالبات (AMF) 00168037 مكتبة كلية العلوم الطبية التطبيقية بالمجمعة - طالبات (AMF) 2021-03-06 كتاب Dewey Decimal Classification    
  2019-08-20     620.3 RSM 2019-08-20 مكتبة مجمع الكليات بالزلفى - طلاب (SZM) 00157229 مكتبة مجمع الكليات بالزلفى - طلاب (SZM) 2019-08-20 كتاب Dewey Decimal Classification    
  2019-08-20     620.3 RSM 2019-08-20 مكتبة مجمع الكليات بالزلفى - طلاب (SZM) 00157230 مكتبة مجمع الكليات بالزلفى - طلاب (SZM) 2019-08-20 كتاب Dewey Decimal Classification